ARS/ (Record no. 3425)

MARC details
000 -LEADER
campo de control de longitud fija 01414nam a22003617a 4500
003 - IDENTIFICADOR DE NÚMERO DE CONTROL
campo de control OSt
005 - FECHA Y HORA DE LA ÚLTIMA TRANSACCIÓN
campo de control 20230421121036.0
008 - DATOS DE LONGITUD FIJA--INFORMACIÓN GENERAL
campo de control de longitud fija 221006b |||||||| |||| 00| 0 eng d
040 ## - FUENTE DE CATALOGACIÓN
Centro/agencia transcriptor Biblioteca Lado V
082 ## - NÚMERO DE LA CLASIFICACIÓN DECIMAL DEWEY
Número de clasificación 707
Número de ítem L747a
100 ## - ENTRADA PRINCIPAL--NOMBRE DE PERSONA
Término indicativo de función/relación editor
9 (RLIN) 805
Nombre de persona Lindo, Ricardo
245 ## - MENCIÓN DEL TÍTULO
Título ARS/
Resto del título Revista de la Dirección Nacional de Artes, CONCULTURA, Ministerio de Educación. San Salvador, El Salvador, C.A./
260 ## - PUBLICACIÓN, DISTRIBUCIÓN, ETC.
Nombre del editor, distribuidor, etc. Consejo Nacional para la Cultura y el Arte
-- Ministerio de Educación San Salvador
Fecha de publicación, distribución, etc. 1999
Lugar de publicación, distribución, etc. San Salvador
300 ## - DESCRIPCIÓN FÍSICA
Dimensiones 22x28cm
Extensión 91p.
490 ## - MENCIÓN DE SERIE
Mención de serie 17
Designación de volumen o secuencia 1999
505 ## - NOTA DE CONTENIDO CON FORMATO
Nota de contenido con formato Editorial Carlos Martinez Rivas
505 ## - NOTA DE CONTENIDO CON FORMATO
Nota de contenido con formato El Paraiso Recobrado
505 ## - NOTA DE CONTENIDO CON FORMATO
Nota de contenido con formato El Balcon sobre la tarde
505 ## - NOTA DE CONTENIDO CON FORMATO
Nota de contenido con formato El Placer
505 ## - NOTA DE CONTENIDO CON FORMATO
Nota de contenido con formato El Anillo de Oricalco
505 ## - NOTA DE CONTENIDO CON FORMATO
Nota de contenido con formato La Carta Muerta
505 ## - NOTA DE CONTENIDO CON FORMATO
Nota de contenido con formato Beatriz
505 ## - NOTA DE CONTENIDO CON FORMATO
Nota de contenido con formato Sagrada familia
505 ## - NOTA DE CONTENIDO CON FORMATO
Nota de contenido con formato Dos Jovenes Poetas
505 ## - NOTA DE CONTENIDO CON FORMATO
Nota de contenido con formato La Cajetilla de Tabaco y el arte del milenio
505 ## - NOTA DE CONTENIDO CON FORMATO
Nota de contenido con formato Bitacora
Información miscelánea Es Cara Musa<br/><br/>Los que se van: Rolando Elias<br/><br/>Ilustraciones e Ilustradores
650 ## - PUNTO DE ACCESO ADICIONAL DE MATERIA--TÉRMINO DE MATERIA
Fuente del encabezamiento o término Tesauro de Arte & Arquitectura
Término de materia o nombre geográfico como elemento de entrada ARTE
9 (RLIN) 703
650 ## - PUNTO DE ACCESO ADICIONAL DE MATERIA--TÉRMINO DE MATERIA
Fuente del encabezamiento o término Tesauro de Arte & Arquitectura
Término de materia o nombre geográfico como elemento de entrada POESIA
650 ## - PUNTO DE ACCESO ADICIONAL DE MATERIA--TÉRMINO DE MATERIA
Fuente del encabezamiento o término Tesauro de Arte & Arquitectura
Término de materia o nombre geográfico como elemento de entrada LITERATURA
650 ## - PUNTO DE ACCESO ADICIONAL DE MATERIA--TÉRMINO DE MATERIA
Fuente del encabezamiento o término Tesauro de Arte & Arquitectura
Término de materia o nombre geográfico como elemento de entrada ARTE CONTEMPORANEO
650 ## - PUNTO DE ACCESO ADICIONAL DE MATERIA--TÉRMINO DE MATERIA
Fuente del encabezamiento o término Tesauro de Arte & Arquitectura
Término de materia o nombre geográfico como elemento de entrada MUJERES ARTISTAS
942 ## - ELEMENTOS DE ENTRADA SECUNDARIOS (KOHA)
Fuente del sistema de clasificación o colocación Clasificación Decimal Dewey
Tipo de ítem Koha Libros
Parte de la signatura que corresponde a la clasificación (Parte de la clasificación) 707
Parte de la signatura que identifica el ejemplar (Parte del ítem) L747a
Suprimir en OPAC No
Holdings
Estatus retirado Estado de pérdida Fuente del sistema de clasificación o colocación Especificación de materiales (volumen encuadernado u otra parte) Estado de daño No para préstamo Colección Biblioteca de origen Biblioteca actual Fecha de adquisición Enumeración/cronología de publicación seriada Número de inventario Total de préstamos Signatura topográfica completa Código de barras Visto por última vez Precio de reemplazo Tipo de ítem Koha
    Clasificación Decimal Dewey 1999     Revistas Biblioteca LadoV Biblioteca LadoV 21/04/2023 17 002427   707 L747a 002427 21/04/2023 21/04/2023 Libros